| Tag |
First Indicator |
Second Indicator |
Subfields |
| LEADER |
00000cam a2200000 4500 |
| 001 |
in00000038126 |
| 005 |
20151007080837.0 |
| 008 |
720817s1948 eng u |
| 010 |
|
|
|a 48007078
|
| 035 |
|
|
|a (OCoLC)00384776
|
| 035 |
|
|
|9 AAF5473AM
|
| 040 |
|
|
|c WSU
|d TXA
|d UtOrBLW
|
| 049 |
|
|
|a TXAM
|c [154836]
|
| 050 |
|
0 |
|a BV210
|b .H347
|
| 092 |
|
|
|a 264.1
|b H282p
|
| 100 |
1 |
|
|a Harkness, Georgia Elma,
|d 1891-1974.
|
| 245 |
1 |
0 |
|a Prayer and the common life.
|
| 264 |
|
1 |
|a New York :
|b Abingdon-Cokesbury Press,
|c [1948]
|
| 300 |
|
|
|a 224 pages
|
| 336 |
|
|
|a text
|b txt
|2 rdacontent
|
| 337 |
|
|
|a unmediated
|b n
|2 rdamedia
|
| 338 |
|
|
|a volume
|b nc
|2 rdacarrier
|
| 650 |
|
0 |
|a Prayer.
|
| 999 |
|
|
|a MARS
|
| 999 |
f |
f |
|s 0682c98b-5ef4-3e21-a379-133e05d60f93
|i 4aea865e-2ef9-3a7b-b461-52e152a132fb
|t 0
|
| 952 |
f |
f |
|p ric
|a Texas A&M University
|b Rellis Campus
|c Joint Library Facility
|d Remote Storage
|t 0
|e BV210 .H347
|h Library of Congress classification
|i unmediated -- volume
|m A14800616214
|
| 998 |
f |
f |
|a BV210 .H347
|t 0
|l Remote Storage
|